Oceňovanie dlhodobého nehmotného majetku a jeho zobrazenie v účtovníctve podnikateľa bakalárska práca

Uložené v:
Podrobná bibliografia
Hlavný autor: Trtiková, Iveta
Korporativný autor: Fakulta hospodárskej informatiky EU. Katedra účtovníctva a audítorstva
Ďalší autori: Göghová, Tímea
Médium: Kniha
Jazyk:Slovak
Vydavateľské údaje: Bratislava 2009
Tagy: Pridať tag
Žiadne tagy, Buďte prvý, kto otaguje tento záznam!

MARC

LEADER 00000nam$a2200000$$$4500
001 0102339
005 20240318134755.5
041 0 |a slo 
044 |a SK 
245 1 0 |a Oceňovanie dlhodobého nehmotného majetku a jeho zobrazenie v účtovníctve podnikateľa  |b bakalárska práca  |c Iveta Trtiková ; škol. Tímea Göghová 
264 1 |a Bratislava  |c 2009 
300 |a 29 s. 
100 1 |a Trtiková, Iveta 
700 1 |a Göghová, Tímea 
710 2 |a Fakulta hospodárskej informatiky EU. Katedra účtovníctva a audítorstva